Statistics for Sydney Suburbs with Highest Income

Click here to take the quiz!

General Stats

  • This quiz has been taken 29 times
  • The average score is 7 of 20

Answers on the Map

Answers color-coded by a green-red scale on the quiz's map according to % correct below.
 

Answer Stats

Median Weekly IncomeSuburb% Correct
$1,583Bondi Beach
75%
$1,555Coogee
68%
$1,595Manly
68%
$1,566North Sydney
57%
$1,502Cremorne
54%
$1,577Balmain
50%
$1,534Potts Point
46%
$1,562Bronte
43%
$1,552Neutral Bay
36%
$1,638Woollahra
36%
$1,575Bellevue Hill
32%
$1,698Paddington
32%
$1,590Wollstonecraft
29%
$1,535Darlinghurst
25%
$1,652Rozelle
25%
$1,627St Leonards
21%
$1,612Cammeray
18%
$1,629Alexandria
7%
$1,704Erskineville
7%
$1,593Naremburn
0%

Score Distribution

Percentile by Number Answered

Percent of People with Each Score

Your Score History

You have not taken this quiz